| 000 | 00523nam a2200193Ia 4500 | ||
|---|---|---|---|
| 003 | OSt | ||
| 005 | 20260211144323.0 | ||
| 020 | _a978-0-697-05779-8 | ||
| 040 | _cLC | ||
| 050 | _aQP 34.5 .H 65 1990 | ||
| 100 | _aJOHN, HOLE, W | ||
| 245 | 0 | _aHUMAN ANATOMY AND PHYSIOLOGY | |
| 250 | _a5 | ||
| 260 |
_aKERPER BOULEVARD, DUBUQUE, _bWIN.C.BROWN PUBLISHERS, _c1990, |
||
| 300 | _aXXii, 947 P, ILL | ||
| 500 | _aINCLUDES BIBLIOGRAPHICAL REFERENCES AND INDEX | ||
| 650 | _aHuman physiology, Human anatomy | ||
| 942 |
_cBK _2lcc |
||
| 999 |
_c60468 _d60468 |
||